| 000 | 00000nam##2200000za#4500 |
| 001 | 9.631674 |
| 003 | CaOODSP |
| 005 | 20220505163028 |
| 007 | cr ||||||||||| |
| 008 | 150407|2004||||xxc|||||o f|0| 0 fre|d |
| 020 | |a0-662-78307-7 |
| 040 | |aCaOODSP|bfre |
| 043 | |an-cn--- |
| 086 | 1 |aH39-4/57-2003-1F-PDF |
| 110 | 2 |aAgence de santé publique du Canada. |
| 245 | 10|aÉvaluation de la fortification en acide folique des produits alimentaires pour la prévention primaire des anomalies du tube neural, 1997–2003 - sommaire |h[ressource électronique] |
| 260 | |aOttawa - Ontario : |bAgence de santé publique du Canada |c[2004?]. |
| 300 | |a18p.|bfigures en couleur, références, tableaux |
| 590 | |a13-11-Supp|b2013-04-26 |
| 775 | 08|tEvaluation of food fortification with folic acid for the primary prevention of neural tube defects, 1997 to 2003 - executive summary |w(CaOODSP)9.687213 |
| 856 | 40|ahttp://publications.gc.ca|qPDF|s431 Ko|uhttps://publications.gc.ca/collections/collection_2013/aspc-phac/H39-457-2003-1-fra.pdf |